[Event "Quebec-ch classe"]
[Site "Montreal CAN"]
[Date "2012.01.21"]
[Round "2"]
[White "Manailoiu, Dragos"]
[Black "Couture, Jonathan"]
[Result "1-0"]
[WhiteElo "1814"]
[BlackElo "1804"]
[PlyCount "105"]
[GameId "2160767909572721"]
[EventDate "2012.01.20"]
[EventType "swiss"]
[EventRounds "5"]
[EventCountry "CAN"]
[SourceTitle "EXT 2022"]
[Source "ChessBase"]
[SourceDate "2021.10.06"]
[SourceVersion "1"]
[SourceVersionDate "2021.10.06"]
[SourceQuality "1"]

1. d4 Nf6 2. c4 e6 3. Nc3 Bb4 4. a3 Bxc3+ 5. bxc3 b6 6. f3 d5 7. cxd5 exd5 8. e3 O-O 9. Bd3 Re8 10. Ne2 c5 11. O-O Ba6 12. Ng3 Bxd3 13. Qxd3 Nc6 14. Bd2 Na5 15. e4 Nb3 16. e5 Nd7 17. Rae1 Nxd2 18. Qxd2 g6 19. f4 f5 20. Qc2 Nf8 21. Nxf5 gxf5 22. Qxf5 Qd7 23. Qd3 Re7 24. f5 Kh8 25. Qh3 Rae8 26. Qh6 Rf7 27. g4 Kg8 28. Rf3 Qe7 29. Rfe3 Rg7 30. h3 Qg5 31. Qc6 Qd8 32. e6 Rc7 33. Qb5 Qc8 34. Re5 Rce7 35. Rxd5 Nxe6 36. fxe6 Rxe6 37. Rxe6 Rxe6 38. Rg5+ Kh8 39. d5 Qd8 40. dxe6 Qxg5 41. Qe8+ Qg8 42. Qd7 Qb8 43. Qd3 Qe5 44. Qd8+ Kg7 45. Qe7+ Kg6 46. Qf7+ Kh6 47. Qf8+ Kg6 48. Qg8+ Kh6 49. Qf8+ Kg6 50. Qf5+ Qxf5 51. gxf5+ Kf6 52. c4 a6 53. a4 1-0

[Event "Quebec-ch classe"]
[Site "Montreal CAN"]
[Date "2012.01.21"]
[Round "2"]
[White "Poulin, Mathieu"]
[Black "Chabot, Roland"]
[Result "0-1"]
[WhiteElo "2023"]
[BlackElo "2129"]
[PlyCount "74"]
[GameId "2160767909572722"]
[EventDate "2012.01.20"]
[EventType "swiss"]
[EventRounds "5"]
[EventCountry "CAN"]
[SourceTitle "EXT 2022"]
[Source "ChessBase"]
[SourceDate "2021.10.06"]
[SourceVersion "1"]
[SourceVersionDate "2021.10.06"]
[SourceQuality "1"]

1. d4 e6 2. c4 f5 3. Nf3 Nf6 4. Nc3 Bb4 5. Bd2 O-O 6. a3 Bxc3 7. Bxc3 Ne4 8. Qc2 b6 9. g3 Bb7 10. Bg2 Nxc3 11. Qxc3 a5 12. b3 Qf6 13. O-O c5 14. Rad1 Nc6 15. Qe3 Qe7 16. Ne5 Nxe5 17. dxe5 Bxg2 18. Kxg2 a4 19. Rd6 axb3 20. Qxb3 f4 21. Rxb6 Qg5 22. Qc3 Rf5 23. Rd1 Raf8 24. f3 Rxe5 25. Kf2 Qf6 26. Qb2 h5 27. Rxd7 fxg3+ 28. hxg3 h4 29. Rbb7 hxg3+ 30. Kg2 Rg5 31. a4 Qh6 32. f4 Rxf4 33. Rb8+ Kh7 34. Qb1+ Rff5 35. Qg1 Rf2+ 36. Qxf2 gxf2+ 37. Kxf2 Qh2+ 0-1

[Event "Quebec-ch classe"]
[Site "Montreal CAN"]
[Date "2012.01.21"]
[Round "2"]
[White "Prahov, Valentin"]
[Black "Gelet, Seymour"]
[Result "1-0"]
[WhiteElo "2109"]
[BlackElo "2015"]
[PlyCount "91"]
[GameId "2160767909572723"]
[EventDate "2012.01.20"]
[EventType "swiss"]
[EventRounds "5"]
[EventCountry "CAN"]
[SourceTitle "EXT 2022"]
[Source "ChessBase"]
[SourceDate "2021.10.06"]
[SourceVersion "1"]
[SourceVersionDate "2021.10.06"]
[SourceQuality "1"]

1. e4 c5 2. d4 cxd4 3. c3 dxc3 4. Nxc3 d6 5. Nf3 Nc6 6. Bc4 e6 7. O-O Nf6 8. Qe2 a6 9. Rd1 Bd7 10. Bf4 e5 11. Bg5 h6 12. Be3 b5 13. Bb3 Na5 14. Nd5 Nxd5 15. Bxd5 Rc8 16. Rac1 Bc6 17. Bxf7+ Kxf7 18. Nxe5+ Kg8 19. Qg4 Qe8 20. Ng6 Bd7 21. Qg3 Rxc1 22. Rxc1 Rh7 23. Rc7 Nc4 24. h4 Nxe3 25. fxe3 Be7 26. h5 Bg5 27. Qxd6 Bg4 28. Qd5+ Be6 29. Qc5 Qd8 30. Kh2 Bxe3 31. Qc6 Bg4 32. Kg3 Bg1 33. e5 Bf5 34. Ne7+ Kh8 35. Qd6 Qxd6 36. exd6 g6 37. hxg6 Rxe7 38. dxe7 Bxg6 39. Rc8+ Kg7 40. e8=Q Bxe8 41. Rxe8 Bd4 42. b3 a5 43. Ra8 Bc3 44. Kg4 Kf6 45. Rb8 b4 46. Rb5 1-0

[Event "Quebec-ch classe"]
[Site "Montreal CAN"]
[Date "2012.01.21"]
[Round "2"]
[White "Robichaud, Louis"]
[Black "Chiku-Ratte, Olivier-Kenta"]
[Result "1/2-1/2"]
[WhiteElo "1998"]
[BlackElo "2165"]
[PlyCount "110"]
[GameId "2160767909572724"]
[EventDate "2012.01.20"]
[EventType "swiss"]
[EventRounds "5"]
[EventCountry "CAN"]
[SourceTitle "EXT 2022"]
[Source "ChessBase"]
[SourceDate "2021.10.06"]
[SourceVersion "1"]
[SourceVersionDate "2021.10.06"]
[SourceQuality "1"]

1. e4 c5 2. Nc3 Nc6 3. g3 g6 4. Bg2 Bg7 5. d3 d6 6. f4 e6 7. Nf3 Nge7 8. O-O O-O 9. Be3 Nd4 10. e5 Nef5 11. Bf2 Nxf3+ 12. Qxf3 Nd4 13. Qd1 dxe5 14. fxe5 Bxe5 15. Ne4 Nf5 16. c3 c4 17. dxc4 Qc7 18. c5 Bd7 19. g4 Ne7 20. Bd4 Bc6 21. Qe2 Bxd4+ 22. cxd4 Bxe4 23. Qxe4 Nd5 24. a3 a5 25. b4 b6 26. Rac1 axb4 27. axb4 Ra4 28. b5 bxc5 29. Rxc5 Qa7 30. Qe5 Qa5 31. Bxd5 exd5 32. Rxd5 Qd2 33. Rd7 Ra2 34. Qg3 Rb2 35. d5 Qd4+ 36. Kh1 Qe4+ 37. Qf3 Qc2 38. Qg3 Rb1 39. Rxb1 Qxb1+ 40. Kg2 Re8 41. Qf3 Qb2+ 42. Kh3 f6 43. d6 Qxb5 44. Rb7 Qe5 45. Qb3+ Kh8 46. Rb8 Rxb8 47. Qxb8+ Kg7 48. Qb7+ Kh6 49. Qe7 Qc3+ 50. Kg2 Qd2+ 51. Kf3 Qd5+ 52. Ke3 Qc5+ 53. Kd3 Qd5+ 54. Kc3 Qc5+ 55. Kd3 Qd5+ 1/2-1/2

[Event "Quebec-ch classe"]
[Site "Montreal CAN"]
[Date "2012.01.21"]
[Round "2"]
[White "Zhu, Hong Rui"]
[Black "Cvetkovic, Simeon"]
[Result "1-0"]
[WhiteElo "2130"]
[BlackElo "1989"]
[PlyCount "139"]
[GameId "2160767909572725"]
[EventDate "2012.01.20"]
[EventType "swiss"]
[EventRounds "5"]
[EventCountry "CAN"]
[SourceTitle "EXT 2022"]
[Source "ChessBase"]
[SourceDate "2021.10.06"]
[SourceVersion "1"]
[SourceVersionDate "2021.10.06"]
[SourceQuality "1"]

1. e4 b6 2. d4 g6 3. c4 Bg7 4. Nc3 Bb7 5. Nf3 e6 6. Be3 Ne7 7. Bd3 d6 8. Rc1 Nd7 9. O-O O-O 10. Ne1 e5 11. d5 f5 12. f3 f4 13. Bf2 g5 14. b4 h5 15. Be2 Nf6 16. c5 Ng6 17. Nd3 Rf7 18. Be1 Bc8 19. cxd6 cxd6 20. Nf2 a6 21. Kh1 Bf8 22. Rg1 Rg7 23. Bd2 Nh8 24. g3 Nf7 25. gxf4 gxf4 26. Rxg7+ Kxg7 27. Qg1+ Kh7 28. Qg2 Be7 29. a4 Qg8 30. Bf1 Bd7 31. Qxg8+ Kxg8 32. Bh3 Bxh3 33. Nxh3 Rc8 34. Ne2 Rxc1+ 35. Nxc1 Nd7 36. Be1 Bd8 37. Bf2 Kg7 38. Ng1 Kg6 39. Nge2 Be7 40. Nb3 Bd8 41. Nc3 Nb8 42. Kg2 Kg7 43. Nd2 Nd7 44. Nc4 Kf8 45. Be1 Kg7 46. Bf2 Kf8 47. a5 bxa5 48. bxa5 Bc7 49. Na2 Nd8 50. Nb4 Nb7 51. Nxa6 Bxa5 52. Nxa5 Nxa5 53. Nc7 Nb7 54. Nb5 Ke7 55. Kh3 Ndc5 56. Bxc5 Nxc5 57. Kh4 Kd7 58. Na3 Ke7 59. Nc4 Nd3 60. Kxh5 Nf2 61. Kh4 Kd7 62. Kg5 Nh3+ 63. Kf5 Ke7 64. Nd2 Kf7 65. Kg4 Nf2+ 66. Kg5 Nh3+ 67. Kf5 Ke7 68. Kg6 Kd7 69. Kf6 Kc7 70. Ke7 1-0

[Event "Quebec-ch classe"]
[Site "Montreal CAN"]
[Date "2012.01.21"]
[Round "3"]
[White "Chabot, Roland"]
[Black "Prahov, Valentin"]
[Result "1/2-1/2"]
[WhiteElo "2129"]
[BlackElo "2109"]
[PlyCount "76"]
[GameId "2160767909572726"]
[EventDate "2012.01.20"]
[EventType "swiss"]
[EventRounds "5"]
[EventCountry "CAN"]
[SourceTitle "EXT 2022"]
[Source "ChessBase"]
[SourceDate "2021.10.06"]
[SourceVersion "1"]
[SourceVersionDate "2021.10.06"]
[SourceQuality "1"]

1. Nf3 Nf6 2. c4 g6 3. d4 Bg7 4. Nc3 d5 5. Bg5 Ne4 6. Bh4 Nxc3 7. bxc3 c5 8. cxd5 Qxd5 9. e3 cxd4 10. cxd4 Nc6 11. Be2 e5 12. dxe5 Qa5+ 13. Qd2 Qxd2+ 14. Kxd2 Nxe5 15. Nd4 Nc6 16. Bb5 Bd7 17. Rab1 O-O 18. Nxc6 bxc6 19. Bc4 Rfb8 20. Bg3 Rxb1 21. Rxb1 Rd8 22. Rb8 Rxb8 23. Bxb8 a5 24. Bc7 a4 25. Bd6 Bf8 26. Bxf8 Kxf8 27. Kc3 c5 28. h4 Ke7 29. a3 h6 30. e4 f6 31. f4 g5 32. fxg5 fxg5 33. hxg5 hxg5 34. e5 Bc6 35. g3 Be8 36. Kd3 Bc6 37. Ke3 Kd7 38. Kd3 Ke7 1/2-1/2

[Event "Quebec-ch classe"]
[Site "Montreal CAN"]
[Date "2012.01.21"]
[Round "3"]
[White "Chiku-Ratte, Olivier-Kenta"]
[Black "Hirth, Julien"]
[Result "1-0"]
[WhiteElo "2165"]
[BlackElo "2058"]
[PlyCount "51"]
[GameId "2160767909572727"]
[EventDate "2012.01.20"]
[EventType "swiss"]
[EventRounds "5"]
[EventCountry "CAN"]
[SourceTitle "EXT 2022"]
[Source "ChessBase"]
[SourceDate "2021.10.06"]
[SourceVersion "1"]
[SourceVersionDate "2021.10.06"]
[SourceQuality "1"]

1. d4 f5 2. Nc3 Nf6 3. Bg5 d5 4. Bxf6 exf6 5. e3 Be6 6. Bd3 Nc6 7. Qf3 Qd7 8. Nge2 Ne7 9. Nf4 Bf7 10. O-O-O O-O-O 11. h3 h5 12. Be2 g6 13. Nd3 b6 14. g4 hxg4 15. hxg4 Bg7 16. gxf5 Nxf5 17. Nf4 Kb7 18. Rxh8 Bxh8 19. Rh1 c6 20. Rh7 Qe8 21. Nxg6 Bg7 22. Qxf5 Qg8 23. Nf4 Ka8 24. Bh5 Bxh5 25. Qxh5 f5 26. Qg6 1-0

[Event "Quebec-ch classe"]
[Site "Montreal CAN"]
[Date "2012.01.21"]
[Round "3"]
[White "Cvetkovic, Simeon"]
[Black "Poulin, Mathieu"]
[Result "1-0"]
[WhiteElo "1989"]
[BlackElo "2023"]
[PlyCount "65"]
[GameId "2160767909572728"]
[EventDate "2012.01.20"]
[EventType "swiss"]
[EventRounds "5"]
[EventCountry "CAN"]
[SourceTitle "EXT 2022"]
[Source "ChessBase"]
[SourceDate "2021.10.06"]
[SourceVersion "1"]
[SourceVersionDate "2021.10.06"]
[SourceQuality "1"]

1. f4 d5 2. Nf3 c5 3. g3 Nf6 4. Bg2 g6 5. d3 Bg7 6. O-O O-O 7. c3 Nc6 8. Qe1 d4 9. Na3 Nd5 10. c4 Ndb4 11. Nd2 f5 12. Qd1 e5 13. Nf3 Re8 14. fxe5 Nxe5 15. Nxe5 Rxe5 16. Bf4 Re8 17. Nc2 Na6 18. Qd2 Bf6 19. h4 Qe7 20. Rae1 Be6 21. e3 dxe3 22. Nxe3 Bd4 23. Kh2 Qg7 24. Re2 Rad8 25. Rfe1 Kf7 26. Bxb7 Nb8 27. Nd5 Nd7 28. Nc7 Nf8 29. Nxe8 Rxe8 30. Bd5 Qg8 31. Bd6 f4 32. Qxf4+ Bf6 33. Bxf8 1-0

[Event "Quebec-ch classe"]
[Site "Montreal CAN"]
[Date "2012.01.21"]
[Round "3"]
[White "Gagnon, Serge"]
[Black "Libersan, Thierry"]
[Result "0-1"]
[WhiteElo "2057"]
[BlackElo "2118"]
[PlyCount "126"]
[GameId "2160767909572729"]
[EventDate "2012.01.20"]
[EventType "swiss"]
[EventRounds "5"]
[EventCountry "CAN"]
[SourceTitle "EXT 2022"]
[Source "ChessBase"]
[SourceDate "2021.10.06"]
[SourceVersion "1"]
[SourceVersionDate "2021.10.06"]
[SourceQuality "1"]

1. d4 d5 2. c4 e5 3. dxe5 d4 4. Nf3 Nc6 5. g3 Bg4 6. Bg2 Qd7 7. O-O O-O-O 8. Bg5 Be7 9. Qc1 Bh3 10. Rd1 Bxg2 11. Kxg2 h6 12. Bxe7 Ngxe7 13. Nc3 Qf5 14. Nb5 Qe4 15. Qf4 Qxf4 16. gxf4 Nf5 17. Rd2 a6 18. Na3 g5 19. Nc2 gxf4 20. Rad1 Rhg8+ 21. Kf1 Rg6 22. Ncxd4 Nfxd4 23. Nxd4 Rdg8 24. e3 fxe3 25. Nxc6 Rxc6 26. fxe3 Rxc4 27. Rd4 Rc5 28. Rd5 Rxd5 29. Rxd5 Rd8 30. Rd4 Re8 31. Rh4 Rxe5 32. Ke2 Re6 33. Rf4 Rc6 34. Kd3 Rd6+ 35. Kc3 Rc6+ 36. Kd3 Rg6 37. Kc3 f6 38. Rd4 f5 39. Rd5 Rg5 40. a3 c6 41. Rd4 Rg4 42. Rd2 Kc7 43. b3 Re4 44. Rd3 a5 45. Kc2 b5 46. Kb2 h5 47. Kc2 Rg4 48. Rd2 h4 49. Rf2 Rg5 50. Kd3 Kd6 51. Rf4 Rh5 52. b4 a4 53. Kd4 h3 54. Kd3 Ke5 55. Rf3 Rh4 56. Rg3 Rg4 57. Rf3 Rg2 58. Rxh3 Ra2 59. Kc3 Rxa3+ 60. Kb2 Rb3+ 61. Kc2 Rxb4 62. Rf3 a3 63. Kc3 Rb1 0-1

[Event "Quebec-ch classe"]
[Site "Montreal CAN"]
[Date "2012.01.21"]
[Round "3"]
[White "Gelet, Seymour"]
[Black "Lopez Linares, Lizandro"]
[Result "1/2-1/2"]
[WhiteElo "2015"]
[BlackElo "2065"]
[PlyCount "127"]
[GameId "2160767909572730"]
[EventDate "2012.01.20"]
[EventType "swiss"]
[EventRounds "5"]
[EventCountry "CAN"]
[SourceTitle "EXT 2022"]
[Source "ChessBase"]
[SourceDate "2021.10.06"]
[SourceVersion "1"]
[SourceVersionDate "2021.10.06"]
[SourceQuality "1"]

1. d4 Nf6 2. c4 c5 3. d5 b5 4. cxb5 a6 5. e3 axb5 6. Bxb5 Ba6 7. Nc3 Bxb5 8. Nxb5 Qa5+ 9. Nc3 d6 10. Nge2 g6 11. O-O Bg7 12. a4 O-O 13. Nb5 Nbd7 14. Bd2 Qb6 15. Bc3 Qb7 16. Bxf6 Bxf6 17. Nec3 Rfb8 18. Qc2 Nb6 19. Rfd1 Ra5 20. e4 Nxa4 21. Rxa4 Rxb5 22. Nxb5 Qxb5 23. Rb1 Kg7 24. b3 g5 25. Qc4 Qd7 26. Ra6 Rb4 27. Qc2 Qb7 28. Ra4 Rb6 29. g3 h6 30. Qc4 Qd7 31. Kg2 Be5 32. Rf1 f6 33. h3 Qb7 34. f4 Bd4 35. Rf3 Qd7 36. f5 h5 37. g4 Rb8 38. Qa6 h4 39. Rd3 Be5 40. Qc6 Qxc6 41. dxc6 Rb6 42. c7 Rc6 43. Ra7 Kf7 44. Rd2 Ke8 45. Rda2 Kd7 46. R2a6 Rxa6 47. Rxa6 Kxc7 48. Kf2 Kb7 49. Ra4 Kb6 50. Ke2 Kb5 51. Kd3 d5 52. exd5 Bd6 53. Ra7 Kb6 54. Rd7 Kb5 55. Rd8 Kb4 56. Kc2 c4 57. bxc4 Kxc4 58. Rc8+ Kxd5 59. Kd3 Ke5 60. Kc4 Kf4 61. Kd5 Be5 62. Ra8 Bd6 63. Rc8 Kg3 64. Rc3+ 1/2-1/2

[Event "Quebec-ch classe"]
[Site "Montreal CAN"]
[Date "2012.01.21"]
[Round "3"]
[White "Jiang, Louie"]
[Black "Zhu, Hong Rui"]
[Result "1-0"]
[WhiteElo "2349"]
[BlackElo "2130"]
[PlyCount "129"]
[GameId "2160767909572731"]
[EventDate "2012.01.20"]
[EventType "swiss"]
[EventRounds "5"]
[EventCountry "CAN"]
[SourceTitle "EXT 2022"]
[Source "ChessBase"]
[SourceDate "2021.10.06"]
[SourceVersion "1"]
[SourceVersionDate "2021.10.06"]
[SourceQuality "1"]

1. e4 c5 2. Nc3 g6 3. f4 Nc6 4. Bb5 Bg7 5. Nf3 d6 6. O-O e6 7. Bxc6+ bxc6 8. d3 Ne7 9. Qe1 d5 10. e5 Bd7 11. Na4 Nf5 12. c4 Bf8 13. b3 Nd4 14. Qf2 Nxf3+ 15. Qxf3 Qa5 16. Qf2 Be7 17. Ba3 d4 18. Qe1 Qxe1 19. Raxe1 O-O-O 20. Bxc5 Bxc5 21. Nxc5 Kc7 22. b4 Bc8 23. Rb1 a6 24. Ne4 Bb7 25. a4 a5 26. Nd6 Rxd6 27. exd6+ Kxd6 28. bxa5 Ba6 29. Rb6 Ra8 30. Rfb1 Kc7 31. Re1 Bc8 32. Rb4 Rxa5 33. Re5 c5 34. Rb5 Rxa4 35. Rexc5+ Kd7 36. Ra5 Rb4 37. Rcb5 Rxb5 38. Rxb5 Kc6 39. Kf2 Kd6 40. Kf3 Bd7 41. Rb8 f6 42. Rh8 h5 43. Rg8 Bc6+ 44. Kf2 Ke7 45. Rg7+ Kf8 46. Rc7 Ba4 47. Kf3 Ke8 48. Ke4 Kd8 49. Rf7 e5 50. Rxf6 exf4 51. Kxd4 g5 52. h4 gxh4 53. Rxf4 Ke7 54. Ke5 Bc6 55. Rxh4 Bxg2 56. Rxh5 Bf1 57. Rh7+ Kd8 58. Kd6 Kc8 59. c5 Bxd3 60. Rh8+ Kb7 61. c6+ Ka7 62. c7 Ba6 63. Rb8 Bb7 64. Rxb7+ Kxb7 65. Kd7 1-0

[Event "Quebec-ch classe"]
[Site "Montreal CAN"]
[Date "2012.01.21"]
[Round "3"]
[White "Kovalyov, Anton"]
[Black "Hebert, Jean"]
[Result "1-0"]
[WhiteElo "2599"]
[BlackElo "2412"]
[PlyCount "123"]
[GameId "2160767909572732"]
[EventDate "2012.01.20"]
[EventType "swiss"]
[EventRounds "5"]
[EventCountry "CAN"]
[SourceTitle "hb 2012"]

1. c4 e5 2. Nc3 Nc6 3. g3 f5 4. Bg2 Bb4 5. Nd5 Bc5 6. e3 Nf6 7. Ne2 O-O 8. d4 Be7 9. dxe5 Nxe5 10. b3 d6 11. Bb2 Nxd5 12. cxd5 Bf6 13. Nd4 c5 14. dxc6 Qa5+ 15. Qd2 Qa6 16. Qe2 bxc6 17. Qxa6 Bxa6 18. Kd2 Rab8 19. Bc3 c5 20. Bd5+ Kh8 21. Ne6 Rfc8 22. Nf4 Ng4 23. Bxf6 Nxf6 24. Be6 Ne4+ 25. Ke1 Rf8 26. f3 Ng5 27. Bd5 Bb7 28. Ke2 Bxd5 29. Nxd5 Rfe8 30. Rac1 Rb7 31. Rc4 Kg8 32. Ra4 Nf7 33. Rd1 Kf8 34. h3 Re6 35. Rf4 g6 36. g4 fxg4 37. hxg4 Kg7 38. Ra4 Re8 39. f4 h6 40. Kf3 Rf8 41. Ke4 Re8+ 42. Kd3 g5 43. Rc1 Kg6 44. Kd2 Kg7 45. Rcc4 Rh8 46. Ra6 h5 47. gxh5 Rxh5 48. f5 Rh2+ 49. Kc3 Rf2 50. f6+ Kg6 51. Re4 Rf5 52. Ne7+ Kxf6 53. Nxf5 Kxf5 54. Rea4 g4 55. Rxa7 Rxa7 56. Rxa7 Ng5 57. Kd3 g3 58. Ke2 d5 59. Rd7 Ke5 60. a4 Ne4 61. a5 Kf6 62. Kf3 1-0

[Event "Quebec-ch classe"]
[Site "Montreal CAN"]
[Date "2012.01.21"]
[Round "3"]
[White "Kraiouchkine, Nikita"]
[Black "Gueorguiev, Valentin"]
[Result "1-0"]
[WhiteElo "2331"]
[BlackElo "1988"]
[PlyCount "55"]
[GameId "2160767909572733"]
[EventDate "2012.01.20"]
[EventType "swiss"]
[EventRounds "5"]
[EventCountry "CAN"]
[SourceTitle "EXT 2022"]
[Source "ChessBase"]
[SourceDate "2021.10.06"]
[SourceVersion "1"]
[SourceVersionDate "2021.10.06"]
[SourceQuality "1"]

1. e4 g6 2. d4 Bg7 3. Nc3 d6 4. Be3 Nf6 5. f3 a6 6. Qd2 Nc6 7. O-O-O b5 8. Bh6 Bxh6 9. Qxh6 e5 10. Nge2 exd4 11. Nd5 Nxd5 12. exd5 Ne7 13. Nxd4 Bb7 14. Qg7 Rf8 15. Re1 Bxd5 16. c4 bxc4 17. Bxc4 Kd7 18. Bxd5 Nxd5 19. Ne6 Qb8 20. Nxf8+ Qxf8 21. Qxh7 Nf4 22. Kb1 Nd3 23. Re3 Nf4 24. Rhe1 Nd5 25. Qh3+ Kc6 26. Rc1+ Kb7 27. Qd7 Qh6 28. Rb3+ 1-0

[Event "Quebec-ch classe"]
[Site "Montreal CAN"]
[Date "2012.01.21"]
[Round "3"]
[White "Lepine, Cedric"]
[Black "Bouchard, Jean-Marc"]
[Result "1-0"]
[WhiteElo "2068"]
[BlackElo "1873"]
[PlyCount "37"]
[GameId "2160767909572734"]
[EventDate "2012.01.20"]
[EventType "swiss"]
[EventRounds "5"]
[EventCountry "CAN"]
[SourceTitle "EXT 2022"]
[Source "ChessBase"]
[SourceDate "2021.10.06"]
[SourceVersion "1"]
[SourceVersionDate "2021.10.06"]
[SourceQuality "1"]

1. d4 d5 2. c4 e6 3. Nc3 c6 4. Nf3 dxc4 5. a4 Bb4 6. g3 Nf6 7. Bg2 Ne4 8. Qc2 Nxc3 9. bxc3 Be7 10. Ne5 O-O 11. O-O Nd7 12. Nxc4 Nf6 13. Rb1 Nd5 14. e4 Nb6 15. Ne3 Qc7 16. c4 Bd7 17. c5 Nc8 18. Nc4 Be8 19. Bf4 1-0

[Event "Quebec-ch classe"]
[Site "Montreal CAN"]
[Date "2012.01.21"]
[Round "3"]
[White "Luo, Zhao Yang"]
[Black "Couture, Jonathan"]
[Result "1-0"]
[WhiteElo "2094"]
[BlackElo "1812"]
[PlyCount "63"]
[GameId "2160767909572735"]
[EventDate "2012.01.20"]
[EventType "swiss"]
[EventRounds "5"]
[EventCountry "CAN"]
[SourceTitle "EXT 2022"]
[Source "ChessBase"]
[SourceDate "2021.10.06"]
[SourceVersion "1"]
[SourceVersionDate "2021.10.06"]
[SourceQuality "1"]

1. d4 Nf6 2. Nf3 e6 3. e3 b6 4. Bd3 d5 5. O-O Ba6 6. b3 Bxd3 7. Qxd3 c6 8. c4 Nbd7 9. Bb2 Bd6 10. Ne5 Qc7 11. f4 Ne4 12. Nc3 Nxc3 13. Bxc3 f6 14. Nf3 O-O 15. Rac1 Qb7 16. Rfd1 Rac8 17. g3 f5 18. Rc2 Nf6 19. Rdc1 Ne4 20. Bb2 Kf7 21. Nd2 Rc7 22. Nxe4 fxe4 23. Qe2 g6 24. Qg4 Rfc8 25. Qh3 Kf6 26. g4 Re8 27. Qh6 Rh8 28. f5 Qc8 29. fxg6 Bf8 30. Rf1+ Ke7 31. g7 Qe8 32. Qf6+ 1-0

[Event "Quebec-ch classe"]
[Site "Montreal CAN"]
[Date "2012.01.21"]
[Round "3"]
[White "Trottier, Emile"]
[Black "Robichaud, Louis"]
[Result "0-1"]
[WhiteElo "2096"]
[BlackElo "1998"]
[PlyCount "70"]
[GameId "2160767909572736"]
[EventDate "2012.01.20"]
[EventType "swiss"]
[EventRounds "5"]
[EventCountry "CAN"]
[SourceTitle "EXT 2022"]
[Source "ChessBase"]
[SourceDate "2021.10.06"]
[SourceVersion "1"]
[SourceVersionDate "2021.10.06"]
[SourceQuality "1"]

1. e4 e5 2. Nf3 Nc6 3. Bb5 a6 4. Bxc6 dxc6 5. O-O Qd6 6. d4 exd4 7. Nxd4 Bd7 8. Be3 O-O-O 9. Nc3 Qg6 10. Qe2 Bb4 11. Nb3 Nf6 12. f3 Rhe8 13. Na4 Nh5 14. Nac5 Bxc5 15. Nxc5 f5 16. a4 fxe4 17. fxe4 Nf6 18. Ra3 Bg4 19. Qc4 Bh3 20. Qe2 Nxe4 21. Nxb7 Bxg2 22. Qxg2 Qxg2+ 23. Kxg2 Kxb7 24. Rf7 Nd6 25. Rb3+ Kc8 26. Rf3 g6 27. Bg5 Rd7 28. Bh4 Nf5 29. Bf2 Rd2 30. Rf4 Rxc2 31. Kh3 Ree2 32. Bg3 h5 33. Rfb4 g5 34. Rb8+ Kd7 35. Rd3+ Ke7 0-1

[Event "Quebec-ch classe"]
[Site "Montreal CAN"]
[Date "2012.01.22"]
[Round "4"]
[White "Couture, Jonathan"]
[Black "Trottier, Emile"]
[Result "1/2-1/2"]
[WhiteElo "1812"]
[BlackElo "2096"]
[PlyCount "124"]
[GameId "2160767909572737"]
[EventDate "2012.01.20"]
[EventType "swiss"]
[EventRounds "5"]
[EventCountry "CAN"]
[SourceTitle "EXT 2022"]
[Source "ChessBase"]
[SourceDate "2021.10.06"]
[SourceVersion "1"]
[SourceVersionDate "2021.10.06"]
[SourceQuality "1"]

1. c4 e6 2. e4 d5 3. exd5 exd5 4. cxd5 Nf6 5. Nc3 Nxd5 6. d4 Be7 7. Nf3 O-O 8. Be2 Nxc3 9. bxc3 c5 10. O-O Bg4 11. Rb1 Qc7 12. Qb3 b6 13. d5 Bf5 14. Rb2 Nd7 15. Be3 Bd6 16. a4 Be4 17. h3 Rab8 18. c4 Bxf3 19. Bxf3 Bf4 20. Re1 Rfe8 21. Rbe2 Bxe3 22. Rxe3 Nf6 23. Rxe8+ Rxe8 24. Rxe8+ Nxe8 25. Qe3 Kf8 26. Bd1 Qe7 27. Bb3 Qxe3 28. fxe3 Ke7 29. Kf2 Kf6 30. Kf3 Ke5 31. Bc2 h6 32. g3 Nd6 33. Bd3 Nb7 34. Bb1 Na5 35. Ba2 Nb7 36. Bb1 Nd6 37. Bd3 a6 38. Ke2 b5 39. cxb5 axb5 40. Bxb5 Kxd5 41. Kd2 c4 42. Kc3 Kc5 43. Bd7 Ne4+ 44. Kc2 Kb4 45. Be8 Nxg3 46. Bxf7 Nf5 47. e4 Nd4+ 48. Kc1 c3 49. Be8 g5 50. e5 h5 51. Bxh5 Kxa4 52. Bf7 Kb4 53. e6 Nxe6 54. Bxe6 Kc5 55. Kd1 Kd6 56. Bg4 Ke7 57. Kc2 Kf8 58. Kxc3 Kg7 59. Kd4 Kh8 60. Ke5 Kg7 61. Kf5 Kh8 62. Kxg5 Kg7 1/2-1/2

[Event "Quebec-ch classe"]
[Site "Montreal CAN"]
[Date "2012.01.22"]
[Round "4"]
[White "Hebert, Jean"]
[Black "Luo, Zhao Yang"]
[Result "1-0"]
[WhiteElo "2412"]
[BlackElo "2094"]
[PlyCount "41"]
[GameId "2160767909572738"]
[EventDate "2012.01.20"]
[EventType "swiss"]
[EventRounds "5"]
[EventCountry "CAN"]
[SourceTitle "EXT 2022"]
[Source "ChessBase"]
[SourceDate "2021.10.06"]
[SourceVersion "1"]
[SourceVersionDate "2021.10.06"]
[SourceQuality "1"]

1. d4 Nf6 2. c4 g6 3. Nc3 Bg7 4. Nf3 O-O 5. Bf4 d6 6. h3 Nbd7 7. e3 Nh5 8. Bg5 h6 9. g4 Ng3 10. fxg3 hxg5 11. Qc2 e5 12. O-O-O b6 13. Bg2 Bb7 14. d5 a5 15. Ne4 Nc5 16. Nxc5 bxc5 17. e4 Rb8 18. h4 Bf6 19. Qd2 gxh4 20. g5 h3 21. gxf6 1-0

[Event "Quebec-ch classe"]
[Site "Montreal CAN"]
[Date "2012.01.22"]
[Round "4"]
[White "Hirth, Julien"]
[Black "Gelet, Seymour"]
[Result "1-0"]
[WhiteElo "2058"]
[BlackElo "2015"]
[PlyCount "33"]
[GameId "2160767909572739"]
[EventDate "2012.01.20"]
[EventType "swiss"]
[EventRounds "5"]
[EventCountry "CAN"]
[SourceTitle "EXT 2022"]
[Source "ChessBase"]
[SourceDate "2021.10.06"]
[SourceVersion "1"]
[SourceVersionDate "2021.10.06"]
[SourceQuality "1"]

1. g3 d5 2. Nf3 Nf6 3. Bg2 e6 4. d4 Be7 5. O-O O-O 6. c4 dxc4 7. Ne5 c5 8. dxc5 Qc7 9. Nxc4 Bxc5 10. Nc3 Bxf2+ 11. Rxf2 Qxc4 12. Rxf6 gxf6 13. Bh6 Re8 14. Ne4 Nd7 15. e3 Kh8 16. Nd6 Qc5 17. Nxf7+ 1-0

[Event "Quebec-ch classe"]
[Site "Montreal CAN"]
[Date "2012.01.22"]
[Round "4"]
[White "Jiang, Louie"]
[Black "Kovalyov, Anton"]
[Result "1-0"]
[WhiteElo "2349"]
[BlackElo "2599"]
[PlyCount "67"]
[GameId "2160767909572740"]
[EventDate "2012.01.20"]
[EventType "swiss"]
[EventRounds "5"]
[EventCountry "CAN"]
[SourceTitle "EXT 2022"]
[Source "ChessBase"]
[SourceDate "2021.10.06"]
[SourceVersion "1"]
[SourceVersionDate "2021.10.06"]
[SourceQuality "1"]

1. e4 c5 2. Nf3 d6 3. d4 cxd4 4. Nxd4 Nf6 5. f3 e5 6. Nb3 Be7 7. c4 a5 8. Be3 O-O 9. Nc3 a4 10. Nd2 Qa5 11. Be2 Bd7 12. Rb1 Na6 13. O-O Rfc8 14. Qe1 Bd8 15. Qf2 Rc6 16. c5 dxc5 17. Nc4 Qc7 18. f4 Be6 19. Nxe5 Rb6 20. Nd3 Bc4 21. h3 Rd6 22. Rbd1 Rd7 23. Ne5 Rxd1 24. Rxd1 Be6 25. Nc4 Be7 26. e5 Ne8 27. Nb5 Qc6 28. f5 Bc8 29. Nc3 Nac7 30. Bf3 Qa6 31. Nd6 Bxd6 32. exd6 Nxd6 33. Bf4 Nce8 34. Bxd6 1-0